Statistiche per Geografia per immagini - A

Clicka qui per fare il quiz!

Statistiche generali

  • Questo quiz è stato fatto 3.987 volte
  • Il punteggio medio è 11 su 18

Statistiche sulle risposte

Risposta% Corretto
Alpi
97%
Albania
96%
Atene
96%
Antartide
93%
Adriatico
90%
Aurora polare
89%
Amsterdam
85%
Arno
74%
Australia
63%
Andalusia
59%
Alaska
56%
Ande
55%
Alcatraz
45%
Alessandria d'Egitto
37%
Angkor Wat
22%
Agra
20%
Arlington
11%
Andamane
9%

Distribuzione punteggi

Percentile per numero di risposta

Percentuale di utenti per punteggio

I tuoi punteggi nel tempo

Non hai fatto questo quiz